00474nam a22001577a 4500003000400000005001700004020001500021040000600036082002500042100002100067245008200088250000900170260003200179300001200211651009300223OSt20170105102936.0 a355.033073 a0 a355.033073bSAR 2008 aSarkesian, Sam C aUS National Security bPolicymakers, Processes and PoliticscSam C. Sarkesian a4th  aNew DelhibViva Booksc2008 ax,331p  aThe National Security Establishment, The National security System and the policy process